[Event "Schleswig Holstein-ch Seniors op 11th"]
[Site "Buesum"]
[Date "2017.09.16"]
[Round "9"]
[White "Eschweiler, Gottfried"]
[Black "Alvarez, Luis"]
[Result "1/2-1/2"]
[WhiteElo "1766"]
[BlackElo "1849"]
[PlyCount "50"]
[EventDate "2017.09.08"]
[EventType "swiss"]
[EventRounds "9"]
[EventCountry "GER"]
[SourceTitle "EXT 2019"]
[Source "ChessBase"]
[SourceDate "2018.10.10"]
[SourceVersion "1"]
[SourceVersionDate "2018.10.10"]
[SourceQuality "1"]

1. Nf3 c5 2. e4 g6 3. g3 Bg7 4. Bg2 Nc6 5. 0-0 d6 6. d3 Bd7 7. Nbd2 Nf6 8. c3 0-0 9. a4 a5 10. Re1 Rb8 11. d4 cxd4 12. Nxd4 Nxd4 13. cxd4 Qc8 14. Nf3 Bg4 15. Bd2 b6 16. Bc3 Rd8 17. Qb3 Be6 18. d5 Bg4 19. Nd4 Bd7 20. Rac1 Qb7 21. Nc6 Bxc6 22. dxc6 Qc7 23. e5 Ng4 24. exd6 Rxd6 25. Bxg7 Kxg7 1/2-1/2

[Event "Schleswig Holstein-ch Seniors op 10th"]
[Site "Buesum"]
[Date "2016.10.01"]
[Round "6"]
[White "Alvarez, Luis"]
[Black "Eschweiler, Gottfried"]
[Result "1/2-1/2"]
[WhiteElo "1868"]
[BlackElo "1748"]
[PlyCount "56"]
[EventDate "2016.09.26"]
[EventType "swiss"]
[EventRounds "9"]
[EventCountry "GER"]
[SourceTitle "EXT 2019"]
[Source "ChessBase"]
[SourceDate "2018.10.10"]
[SourceVersion "1"]
[SourceVersionDate "2018.10.10"]
[SourceQuality "1"]

1. e4 c5 2. Nf3 d6 3. d4 cxd4 4. Nxd4 Nf6 5. Nc3 e6 6. Be3 a6 7. Be2 Be7 8. Qd2 0-0 9. f4 Qc7 10. Bf3 Nc6 11. Nxc6 bxc6 12. 0-0 Bb7 13. Rad1 c5 14. g4 Rac8 15. Qg2 Kh8 16. g5 Nd7 17. h4 Rg8 18. Kf2 g6 19. Rh1 Rg7 20. Qh3 Re8 21. h5 gxh5 22. Bxh5 Nf8 23. Rh2 Rd8 24. Bf3 f6 25. Rg1 fxg5 26. fxg5 d5 27. exd5 exd5 28. Bc1 Ng6 1/2-1/2

[Event "Schleswig Holstein-ch Seniors op 9th"]
[Site "Buesum"]
[Date "2015.10.05"]
[Round "7"]
[White "Eschweiler, Gottfried"]
[Black "Geibel, Henning"]
[Result "1-0"]
[WhiteElo "1775"]
[BlackElo "1470"]
[PlyCount "101"]
[EventDate "2015.09.28"]
[EventType "swiss"]
[EventRounds "9"]
[EventCountry "GER"]
[SourceTitle "EXT 2018"]
[Source "ChessBase"]
[SourceDate "2017.10.13"]
[SourceVersion "1"]
[SourceVersionDate "2017.10.13"]
[SourceQuality "1"]

1. Nf3 d5 2. d3 Bf5 3. g3 e6 4. Bg2 c6 5. 0-0 Nf6 6. Nbd2 Bc5 7. Qe1 0-0 8. e4 dxe4 9. dxe4 Bg6 10. Nh4 Bh5 11. Nhf3 Ng4 12. h3 Nf6 13. Nb3 Bb6 14. Bf4 Bg6 15. Rd1 Qc8 16. Nh4 Nbd7 17. Nxg6 hxg6 18. Bd6 Re8 19. e5 Nh5 20. Kh2 f5 21. f4 c5 22. c4 a5 23. a4 g5 24. fxg5 g6 25. Qd2 Bc7 26. Bxc7 Qxc7 27. Qxd7 Qxe5 28. Qd6 Qxb2 29. Rb1 Qc3 30. Rf3 Qxc4 31. Qxc5 Qxa4 32. Qb6 Qa2 33. Nc5 Rac8 34. Rb2 Qc4 35. Nd3 e5 36. Qxg6+ Ng7 37. Nf2 a4 38. Rxb7 Rc7 39. Rxc7 Qxc7 40. Qa6 e4 41. Re3 Qc5 42. Re2 a3 43. Ra2 e3 44. Nd3 Qe7 45. Nf4 Qxg5 46. Qxa3 Nh5 47. Nxh5 Qxh5 48. Bd5+ Kg7 49. Qc3+ Kg6 50. Ra6+ Kg5 51. Qf6# 1-0

[Event "Schleswig Holstein-ch Seniors op 9th"]
[Site "Buesum"]
[Date "2015.10.01"]
[Round "4"]
[White "Schumacher, Ursula"]
[Black "Eschweiler, Gottfried"]
[Result "0-1"]
[WhiteElo "1670"]
[BlackElo "1775"]
[PlyCount "66"]
[EventDate "2015.09.28"]
[EventType "swiss"]
[EventRounds "9"]
[EventCountry "GER"]
[SourceTitle "EXT 2018"]
[Source "ChessBase"]
[SourceDate "2017.10.13"]
[SourceVersion "1"]
[SourceVersionDate "2017.10.13"]
[SourceQuality "1"]

1. c4 Nf6 2. Nc3 g6 3. d4 Bg7 4. Nf3 d6 5. g3 0-0 6. Bg2 Nbd7 7. 0-0 e5 8. e3 Re8 9. Rb1 c6 10. b3 a6 11. Bb2 e4 12. Ng5 d5 13. c5 h6 14. Nh3 g5 15. Bc1 Nf8 16. f3 exf3 17. Bxf3 Bxh3 18. Rf2 Bd7 19. b4 Ng6 20. Na4 Rb8 21. Nb6 Bh3 22. a4 g4 23. Bh1 Qe7 24. Rbb2 h5 25. Rf5 h4 26. Qe1 hxg3 27. Qxg3 Rbd8 28. Re2 Ne4 29. Qe1 Qe6 30. Bxe4 Qxe4 31. Rh5 Nf4 32. exf4 Qxe2 33. Qxe2 Rxe2 0-1

[Event "Schleswig Holstein-ch Seniors op 9th"]
[Site "Buesum"]
[Date "2015.09.28"]
[Round "1"]
[White "Eschweiler, Gottfried"]
[Black "Quiring, Nikolai"]
[Result "0-1"]
[WhiteElo "1775"]
[BlackElo "2048"]
[PlyCount "104"]
[EventDate "2015.09.28"]
[EventType "swiss"]
[EventRounds "9"]
[EventCountry "GER"]
[SourceTitle "EXT 2018"]
[Source "ChessBase"]
[SourceDate "2017.10.13"]
[SourceVersion "1"]
[SourceVersionDate "2017.10.13"]
[SourceQuality "1"]

1. Nf3 f5 2. d3 Nf6 3. e4 d6 4. Nc3 e5 5. Be2 Be7 6. 0-0 0-0 7. Bg5 Nc6 8. Bxf6 Rxf6 9. Nd5 Rg6 10. Nxe7+ Qxe7 11. c3 Kh8 12. Kh1 Rh6 13. g3 fxe4 14. dxe4 Bh3 15. Rg1 Rf8 16. Bf1 Bg4 17. Be2 Rhf6 18. Nh4 Bxe2 19. Qxe2 Rxf2 20. Qh5 Qf7 21. Qxf7 R8xf7 22. Rg2 Ne7 23. Kg1 R2f6 24. Re2 g6 25. Rd1 Kg7 26. Ng2 h5 27. Ne3 Kh6 28. Rf1 Rxf1+ 29. Nxf1 Kg5 30. Kg2 Kf6 31. Ne3 Ke6 32. Rd2 Ng8 33. Re2 Nf6 34. Nc2 c6 35. c4 Nd7 36. b3 Nc5 37. Re3 a5 38. Ne1 Kd7 39. Nf3 Ne6 40. Rd3 Kc7 41. Re3 g5 42. Re1 g4 43. Nh4 Nd4 44. Re3 Kb6 45. Rd3 Kc5 46. Rd2 Rf6 47. h3 a4 48. Rb2 axb3 49. axb3 Kb4 50. hxg4 hxg4 51. Nf5 Nxf5 52. exf5 Kc5 0-1

[Event "Schleswig Holstein-ch Seniors op"]
[Site "Buesum"]
[Date "2014.09.30"]
[Round "6"]
[White "Eschweiler, Gottfried"]
[Black "Merettig, Georg"]
[Result "1/2-1/2"]
[WhiteElo "1769"]
[BlackElo "1928"]
[PlyCount "61"]
[EventDate "2014.09.25"]
[EventType "swiss"]
[EventRounds "9"]
[EventCountry "GER"]
[SourceTitle "EXT 2018"]
[Source "ChessBase"]
[SourceDate "2017.10.13"]
[SourceVersion "1"]
[SourceVersionDate "2017.10.13"]
[SourceQuality "1"]

1. e4 Nc6 2. Nf3 b6 3. Nc3 Bb7 4. d4 e6 5. a3 Nce7 6. Bd3 Ng6 7. 0-0 Nf6 8. Bg5 h6 9. Bd2 Nh5 10. Ne2 Be7 11. c4 Bg5 12. d5 Ngf4 13. Nxf4 Nxf4 14. Bxf4 Bxf4 15. g3 Bd6 16. Qe2 e5 17. b4 Qe7 18. Nh4 g6 19. Rfb1 c5 20. b5 Bc7 21. a4 d6 22. Ng2 Bc8 23. f4 h5 24. Rf1 Bg4 25. Qf2 0-0-0 26. Rfb1 exf4 27. Qxf4 g5 28. Qf2 h4 29. Ne3 hxg3 30. Qxg3 Bd7 31. Qf2 1/2-1/2

[Event "Schleswig Holstein-ch Seniors op"]
[Site "Buesum"]
[Date "2014.09.28"]
[Round "4"]
[White "Eschweiler, Gottfried"]
[Black "Perk, Egbert"]
[Result "1/2-1/2"]
[WhiteElo "1769"]
[BlackElo "1934"]
[PlyCount "75"]
[EventDate "2014.09.25"]
[EventType "swiss"]
[EventRounds "9"]
[EventCountry "GER"]
[SourceTitle "EXT 2018"]
[Source "ChessBase"]
[SourceDate "2017.10.13"]
[SourceVersion "1"]
[SourceVersionDate "2017.10.13"]
[SourceQuality "1"]

1. e4 c5 2. Nf3 d6 3. d3 Nf6 4. g3 Nc6 5. Bg2 e6 6. 0-0 Be7 7. Nbd2 0-0 8. Re1 Qc7 9. Nf1 Bd7 10. h4 h6 11. N1h2 e5 12. Bd2 b5 13. a3 a5 14. c3 Rab8 15. b4 a4 16. Rc1 cxb4 17. cxb4 Qb7 18. Bc3 Qb6 19. d4 exd4 20. Bxd4 Nxd4 21. Qxd4 Be6 22. Qxb6 Rxb6 23. Nd4 Bc4 24. Nf5 Bd8 25. Ne3 Bb3 26. Nf5 Kh7 27. Nd4 Bc4 28. Nhf3 Ng4 29. Nd2 Be6 30. Nxe6 fxe6 31. Nf3 Bf6 32. Re2 Re8 33. Rc7 Rbb8 34. Rec2 Ne5 35. Nxe5 Bxe5 36. R7c6 g5 37. hxg5 hxg5 38. Bh3 1/2-1/2

[Event "Goch op 25th"]
[Site "Goch"]
[Date "2014.09.05"]
[Round "2"]
[White "Eschweiler, Gottfried"]
[Black "Nagel, Bernhard"]
[Result "0-1"]
[WhiteElo "1769"]
[BlackElo "2203"]
[PlyCount "112"]
[EventDate "2014.09.04"]
[EventType "swiss"]
[EventRounds "7"]
[EventCountry "GER"]
[SourceTitle "EXT 2016"]
[Source "ChessBase"]
[SourceDate "2015.10.08"]
[SourceVersion "1"]
[SourceVersionDate "2015.10.08"]
[SourceQuality "1"]

1. Nf3 Nf6 2. g3 d5 3. d3 Bg4 4. Bg2 c6 5. Nbd2 Nbd7 6. 0-0 e5 7. e4 dxe4 8. dxe4 Bc5 9. Qe2 0-0 10. Nb3 Bb6 11. Rd1 Qe7 12. Bg5 h6 13. Bd2 Rfe8 14. Bc3 a5 15. a4 Nc5 16. Nbd2 Nfd7 17. Nc4 Bc7 18. b4 axb4 19. Bxb4 Qe6 20. a5 Ra7 21. Bf1 Rea8 22. Ra3 Na6 23. Bc3 Qe7 24. Rda1 Nb4 25. Bg2 c5 26. h3 Bxf3 27. Bxf3 Nb8 28. Bb2 N4c6 29. Nb6 Bxb6 30. axb6 Rxa3 31. Rxa3 Rxa3 32. Bxa3 Nd4 33. Qd1 Nd7 34. Bg2 Nxb6 35. c3 Nb5 36. Bb2 Nc4 37. Ba1 Nbd6 38. Qd5 b6 39. Bf1 Qe6 40. Qa8+ Kh7 41. Qd5 Qxd5 42. exd5 f5 43. Be2 g6 44. h4 Kg7 45. Kf1 Kf6 46. g4 e4 47. f3 exf3 48. Bxf3 fxg4 49. Bg2 Nd2+ 50. Ke2 Nb3 51. Bb2 Nc4 52. Kd3 Nxb2+ 53. Kc2 Nc4 54. Kxb3 Nd6 55. c4 Ke5 56. Kc3 Kf4 0-1

[Event "Leverkusen Bayer op 10th"]
[Site "Leverkusen"]
[Date "2012.02.22"]
[Round "4"]
[White "Blumenthal, Ralf"]
[Black "Eschweiler, Gottfried"]
[Result "1-0"]
[WhiteElo "1824"]
[BlackElo "1540"]
[PlyCount "59"]
[EventDate "2012.01.11"]
[EventType "swiss"]
[EventRounds "7"]
[EventCountry "GER"]
[SourceTitle "EXT 2014"]
[Source "ChessBase"]
[SourceDate "2013.11.20"]
[SourceVersion "1"]
[SourceVersionDate "2013.11.20"]
[SourceQuality "1"]

1. c4 Nf6 2. Nc3 g6 3. g3 Bg7 4. Bg2 0-0 5. d4 d6 6. Nf3 Nc6 7. 0-0 a6 8. d5 Na5 9. Qd3 c5 10. e4 Bd7 11. Rb1 b5 12. Nd2 b4 13. Ne2 Rb8 14. b3 Qc8 15. Re1 Nb7 16. Bb2 h5 17. f4 Bh3 18. e5 Nh7 19. Be4 dxe5 20. fxe5 Ng5 21. Nf4 Nxe4 22. Nxe4 Bf5 23. Rbd1 Bxe4 24. Qxe4 Qg4 25. Qg2 Bh6 26. Rf1 g5 27. h3 Qf5 28. Nxh5 Qg6 29. g4 a5 30. d6 1-0